Library of the University of Algiers 3
Ibrahim Sultan Cheibout
شعار جامعة الجزائر 3
مكتبة جامعة الجزائر 3
إبراهيم سلطان شيبوط

النظام المحاسبي الحكومي وإدارته : (رقم التسجيلة. 42587)

تفاصيل مارك
000 -LEADER
fixed length control field 01452nam a2200241Ia 4500
003 - CONTROL NUMBER IDENTIFIER
control field Ost
005 - DATE AND TIME OF LATEST TRANSACTION
control field 20260507075047.0
008 - FIXED-LENGTH DATA ELEMENTS--GENERAL INFORMATION
fixed length control field 260507s9999||||xx |||||||||||||| ||und||
020 ## - INTERNATIONAL STANDARD BOOK NUMBER
International Standard Book Number 9957110039
040 ## - CATALOGING SOURCE
Transcribing agency fsecg
041 ## - LANGUAGE CODE
Language code of text/sound track or separate title ara
082 ## - DEWEY DECIMAL CLASSIFICATION NUMBER
Classification number 600
100 ## - MAIN ENTRY--PERSONAL NAME
Personal name المبيضين، عقلة محمد يوسف
Relator term مؤلف
245 #0 - TITLE STATEMENT
Title النظام المحاسبي الحكومي وإدارته :
Remainder of title المفاهيم والأسس والنظريات والتطبيق العملي /
Statement of responsibility, etc. عقلة محمد يوسف المبيضين
260 ## - PUBLICATION, DISTRIBUTION, ETC.
Place of publication, distribution, etc. عمان:
Name of publisher, distributor, etc. دار وائل للنشر,
Date of publication, distribution, etc. 1999
300 ## - PHYSICAL DESCRIPTION
Extent 419 صفحة؛
Other physical details إيضاحات ؛
Dimensions 24 سم
504 ## - BIBLIOGRAPHY, ETC. NOTE
Bibliography, etc. note ببليوغرافيا: ص.409
520 ## - SUMMARY, ETC.
Summary, etc. مقدمة لدراسة النظام المحاسبي الحكومي- النظريات والأسس المحاسبية- الإطار المؤسسي للنظام المحاسبي الحكومي- عناصر النظام المحاسبي- تصنيف حسابات واتجاهات التطور والوظائف- حسابات الإيرادات العامة- حسابات النفقات العامة- حسابات الرواتب والأجور والعلاواة- حسابات خارج الموازنة- إقفال الحسابات وإعداد الحسابات الختامية
653 ## - INDEX TERM--UNCONTROLLED
Uncontrolled term الإدارة المالية
653 ## - INDEX TERM--UNCONTROLLED
Uncontrolled term المحاسبة الإدارية
653 ## - INDEX TERM--UNCONTROLLED
Uncontrolled term المحاسبة الحكومية
942 ## - ADDED ENTRY ELEMENTS (KOHA)
Koha item type كتب
المقتنيات
Withdrawn status Lost status Source of classification or shelving scheme Damaged status Not for loan Home library Current library Date acquired Serial enumeration / chronology Inventory number Total checkouts Full call number Barcode Date last seen Price effective from Koha item type
    Dewey Decimal Classification   NOT LOAN / إعارة داخلية مكتبة كلية العلوم الإقتصادية والعلوم التجارية وعلوم التسيير مكتبة كلية العلوم الإقتصادية والعلوم التجارية وعلوم التسيير 07/05/2026 الطابق الأرضي 442/1   أ/442ن1 442/1 07/05/2026 07/05/2026 كتب

موارد الويب المفتوحة


© University of Algiers 3 All Rights Reserved
|
Implemented by LECHELAH Riad